000 00689nam a2200217Ia 4500
003 OSt
005 20230415114130.0
008 210423s2007 xx 000 0 und d
020 _a978-0-099-17331-1
040 _cAL
041 _aeng
082 _a925
_223
_bFEYS
100 _aFEYNMAN (Richard P)
_988850
245 _aSurely youre joking Mr Feynman: adventure of a curious character as told to Ralph Leighton
_cHUTCHINGS (Edward)
260 _alondon
_bVintage
_c2007
300 _a350
_bPB
365 _b339
_cINR
650 _aBiography
_988851
906 _aadventure ; character ; curious ; Feynman: ; joking ; Leighton ; Mr ; Ralph ; Surely ; told ; youre
942 _2ddc
_cBK
999 _c170007
_d170007